000 00998nam a22003257a 4500
003 CHAP
005 20220817041537.0
008 971013s1994 r 00010 d
010 _a17572
011 _a18544
035 _a22629
040 _cCHAP
082 _a301.35
_bF45
110 _aFAO
245 _aSmall farmer development programme in Thailand
_b: post-project study
260 _aRome :
_bFAO,
_c1994
300 _a64 p.
490 _aFAO. Participación popular
_v; 4
590 _aBATCH-UPD
_b10
_c20130110
_lUCH01
_h0955
590 _aBATCH-UPD
_b10
_c20130410
_lUCH01
_h0608
590 _aBATCH-UPD
_b10
_c20130914
_lUCH01
_h1155
590 _aCONVERSION
_b10
_c20130109
_lUCH01
_h1311
650 1 4 _aDesarrollo rural.
_932067
650 1 4 _aTailandia
_xCondiciones rurales.
_9111362
700 0 _aDwight, Lawrence.
_934786
830 0 _aFAO. Participación popular
_v; 4
_939644
901 _aBK
942 _cLIBRO
949 _a301.35 F45
_bBC
_cFAO
_d-52994
_eFAO1
_h87190
_i22629
_mD
_si
999 _c17572
_d17572